Online
Catalog

Cuba a journey / (Record no. 39123)

MARC details
000 -CABECERA
campo de control de longitud fija 00551nam a2200181 a 4500
001 - NÚMERO DE CONTROL
campo de control 000039633
005 - FECHA Y HORA DE LA ÚLTIMA TRANSACCIÓN
campo de control 20201002033642.0
008 - DATOS DE LONGITUD FIJA--INFORMACIÓN GENERAL
campo de control de longitud fija 130712s1992 xxu 000 0 spa d
020 ## - NÚMERO INTERNACIONAL ESTÁNDAR DEL LIBRO
Número Internacional Estándar del Libro 067973631x
040 ## - FUENTE DE LA CATALOGACIÓN
Centro catalogador/agencia de origen DO-SdBNP
Lengua de catalogación spa
Centro/agencia transcriptor BNPHU
082 ## - NÚMERO DE LA CLASIFICACIÓN DECIMAL DEWEY
Número de clasificación xxx
100 1# - ENTRADA PRINCIPAL--NOMBRE DE PERSONA
Nombre de persona Timerman, Jacobo,
Fechas asociadas al nombre 1923-
9 (RLIN) 65814
240 10 - TÍTULO UNIFORME
Título uniforme Cuba hoy, y después
Lenguaje de la obra español
245 10 - MENCIÓN DE TÍTULO
Título Cuba a journey /
Mención de responsabilidad, etc. Jacobo Timerman ; traducido del español Toby Talbot.
260 ## - PUBLICACIÓN, DISTRIBUCIÓN, ETC.
Lugar de publicación, distribución, etc. New York :
Nombre del editor, distribuidor, etc. Vintage Books,
Fecha de publicación, distribución, etc. 1992.
300 ## - DESCRIPCIÓN FÍSICA
Extensión 129 p. ;
Dimensiones 21 cm.
700 1# - PUNTO DE ACCESO ADICIONAL--NOMBRE DE PERSONA
Nombre de persona Talbot, Toby,
Término indicativo de función/relación tr.
9 (RLIN) 65815
Holdings
Estado de retiro Estado de pérdida Restricciones de uso No para préstamo Código de colección Localización permanente Ubicación/localización actual Ubicación en estantería Fecha de adquisición Número de inventario Total de préstamos Signatura topográfica completa Código de barras Fecha visto por última vez Precio válido a partir de Tipo de ítem Koha
      Excluido de préstamo Monografías: Libros y Folletos Patrimonio Dominicano Patrimonio Dominicano En catalogación 12.07.2013 LF1   xxx 39633-10 25.06.2020 25.06.2020 No se presta

Powered by Koha